000 00841nam a22003010a 4500
001 PT61394
003 AR-LpoUNG
005 20210131232029.0
008 191001s2015||||ag |||||||||||||||||spa d
020 _a9789873772405
_c$27.00
040 _aAR-LpoUNG
_bspa
_cAR-LpoUNG
_eaacr
041 _aspa
044 _aag
082 0 _aA863 257mic
100 1 _aParodi, Teresa
_epról.
245 1 0 _a"Héroes" :
_bla historia la ganan los que escriben : antología ficcional : microrrelatos y cuentos
250 _a1ra. ed.
260 _aBuenos Aires :
_bMinisterio de Cultura,
_c2015.
300 _a189 p. :
_bil.
650 4 _aANTOLOGIAS
650 4 _aARGENTINA
650 4 _aCUENTOS
650 4 _aLITERATURA
653 _aLITERATURA ARGENTINA
710 2 _aArgentina. Ministerio de Cultura
905 _a61394
942 _cLSALA
999 _c13353
_d13353